Largest Urban Areas in China - Extreme - Statistics

General Stats
  • This quiz has been taken 368 times
    91 since last reset
  • The average score is 49 of 138
Answer Stats
Population City % Correct
21,200,000 Beijing
100%
40,800,000 Shanghai / Suzhou
100%
70,100,000 Guangzhou / Shenzhen
98%
12,200,000 Wuhan
98%
17,300,000 Chengdu
95%
10,900,000 Chongqing
95%
12,800,000 Xi'an
95%
13,900,000 Hangzhou
93%
9,300,000 Nanjing
93%
4,850,000 Urumqi
93%
14,900,000 Xiamen
93%
5,450,000 Harbin
91%
11,500,000 Tianjin
91%
7,450,000 Qingdao
86%
11,000,000 Changsha
84%
7,250,000 Hong Kong
81%
6,500,000 Kunming
81%
8,700,000 Shenyang
79%
5,300,000 Dalian
77%
4,650,000 Fuzhou
72%
6,550,000 Jinan
72%
5,300,000 Nanning
72%
5,050,000 Changchun
70%
7,800,000 Hefei
70%
7,300,000 Ningbo
70%
9,800,000 Zhengzhou
67%
6,200,000 Shijiazhuang
63%
5,950,000 Taiyuan
60%
5,100,000 Wenzhou
60%
2,675,000 Haikou
58%
1,610,000 Jilin
58%
3,500,000 Lanzhou
58%
8,000,000 Shantou
58%
5,050,000 Guiyang
53%
4,975,000 Nanchang
53%
2,725,000 Hohhot
51%
3,175,000 Weifang
49%
3,875,000 Zibo
49%
3,600,000 Luoyang
47%
3,075,000 Xuzhou
47%
3,350,000 Nantong
44%
2,350,000 Anshan
42%
2,500,000 Yantai
42%
4,450,000 Linyi
40%
1,760,000 Guilin
37%
1,790,000 Wuhu
37%
1,460,000 | 2,575,000 Taizhou
35%
1,950,000 Datong
33%
1,030,000 Qiqihar
33%
2,175,000 Xining
33%
2,400,000 Yinchuan
33%
1,910,000 Anyang
30%
1,870,000 Huainan
30%
1,310,000 Kaifeng
30%
2,700,000 Tangshan
30%
2,550,000 Zhuhai
30%
2,175,000 Baotou
28%
1,850,000 Daqing
28%
2,825,000 Handan
28%
1,690,000 Huzhou
28%
1,900,000 Huai'an
26%
2,425,000 Liuzhou
26%
1,680,000 Qinhuangdao
26%
1,470,000 Weihai
26%
1,430,000 Yancheng
26%
2,250,000 Yangzhou
26%
2,150,000 Baoding
23%
2,075,000 Ganzhou
23%
1,230,000 Hengyang
23%
1,290,000 Luzhou
23%
1,390,000 Nanchong
23%
1,770,000 Xiangyang
23%
1,430,000 Zhangjiakou
23%
1,160,000 Chifeng
21%
1,240,000 Dezhou
21%
3,100,000 Jiangyin
21%
1,840,000 Jining
21%
1,410,000 Maoming
21%
1,610,000 Nanyang
21%
1,520,000 Tai'an
21%
1,180,000 Xinyang
21%
2,575,000 Yiwu
21%
1,540,000 Yulin
21%
1,840,000 Zhanjiang
21%
1,200,000 Changde
19%
1,310,000 Dazhou
19%
1,350,000 Fuyang
19%
1,240,000 Lu'an
19%
1,670,000 Puyang
19%
1,190,000 Suqian
19%
1,200,000 Yueyang
19%
1,130,000 Zhaoqing
19%
1,190,000 Zhenjiang
19%
1,190,000 Baoji
16%
1,940,000 Bengbu
16%
2,175,000 Jiaxing
16%
1,530,000 Jinhua
16%
1,230,000 Jinzhou
16%
1,130,000 Lianyungang
16%
1,740,000 Mianyang
16%
2,025,000 Pingdingshan
16%
1,240,000 Rizhao
16%
1,640,000 Xingtai
16%
2,600,000 Xinxiang
16%
1,360,000 Xuchang
16%
1,370,000 Yichang
16%
1,840,000 Zaozhuang
16%
1,050,000 Zhoukou
16%
1,160,000 Ezhou
14%
1,500,000 Heze
14%
1,310,000 Huaibei
14%
1,040,000 Huludao
14%
1,050,000 Jiujiang
14%
1,020,000 Panjin
14%
1,300,000 Qingyuan
14%
1,670,000 Shangqiu
14%
1,520,000 Shangrao
14%
1,260,000 Yibin
14%
1,030,000 Chuzhou
12%
1,030,000 Dongying
12%
1,600,000 Jiaozuo
12%
1,030,000 Langfang
12%
1,180,000 Liaocheng
12%
1,110,000 Qujing
12%
1,160,000 Wanzhou
12%
1,940,000 Zunyi
12%
1,050,000 Beihai
9%
1,770,000 Cangnan
9%
1,020,000 Hengshui
9%
1,000,000 Linfen
9%
1,050,000 Shaoyang
9%
1,230,000 Changzhi
7%
1,040,000 Shiyan
5%
1,020,000 Guigang
2%
1,000,000 Liuyang
2%
1,080,000 Shuyang
0%
1,060,000 Yongkang
0%
No matching quizzes found
Score Distribution
Percent of People with Each Score
Percentile by Number Answered
Your Score History
You have not taken this quiz since the last reset